Terraria Enemies - Statistics

General Stats
  • This quiz has been taken 84 times
    10 since last reset
  • The average score is 212 of 361
Answer Stats
Answer % Correct
Alien Queen
100%
Brain of Cthulhu
100%
Brain Suckler
100%
Corrupt Bunny
100%
Corrupt Goldfish
100%
Deerclops
100%
Demon
100%
Demon Eye
100%
Duke Fishron
100%
Eater of Worlds
100%
Elf Copter
100%
Everscream
100%
Eye of Cthulhu
100%
Ghost
100%
Gingerbread Man
100%
Goblin Warlock
100%
Golem
100%
Headless Horseman
100%
Hellhound
100%
Ice Queen
100%
King Slime
100%
Krampus
100%
Lunatic Cultist
100%
Moon Lord
100%
Mourning Wood
100%
Nebula Pillar
100%
Plantera
100%
Poltergeist
100%
Pumpking
100%
Queen Bee
100%
Queen Slime
100%
Santa-NK1
100%
Scarecrow
100%
Skeletron
100%
Skeletron Prime
100%
Solar Pillar
100%
Splinterling
100%
Star Cell
100%
Stardust Pillar
100%
The Destroyer
100%
The Twins
100%
Vortex Pillar
100%
Wall of Flesh
100%
Zombie
100%
Zombie Elf
100%
Alien Hornet
75%
Angler Fish
75%
Angry Bones
75%
Angry Tumbler
75%
Antlion
75%
Antlion Charger
75%
Antlion Larva
75%
Baby Slime
75%
Bee
75%
Betsy
75%
Black Slime
75%
Blood Zombie
75%
Blue Armored Bones
75%
Blue Jellyfish
75%
Blue Slime
75%
Bone Lee
75%
Bone Serpent
75%
Cave Bat
75%
Chaos Elemental
75%
Clinger
75%
Clown
75%
Corrupt Mimic
75%
Corruptor
75%
Corrupt Slime
75%
Crab
75%
Crawltipede
75%
Creeper
75%
Crimera
75%
Crimslime
75%
Crimson Mimic
75%
Cultist Archer
75%
Cursed Skull
75%
Dark Mage
75%
Derpling
75%
Doctor Bones
75%
Dreadnautilus
75%
Drippler
75%
Eater of Souls
75%
Elf Archer
75%
Empress of Light
75%
Face Monster
75%
Fire Imp
75%
Floaty Gross
75%
Flocko
75%
Flying Dutchman
75%
Flying Snake
75%
Gastropod
75%
Giant Bat
75%
Giant Cursed Skull
75%
Giant Flying Fox
75%
Giant Worm
75%
Goblin Archer
75%
Goblin Peon
75%
Goblin Scout
75%
Goblin Sorcerer
75%
Goblin Thief
75%
Goblin Warrior
75%
Green Jellyfish
75%
Green Slime
75%
Hallowed Mimic
75%
Harpy
75%
Hell Armored Bones
75%
Hellbat
75%
Herpling
75%
Hornet
75%
Ice Bat
75%
Ice Mimic
75%
Ice Slime
75%
Ichor Sticker
75%
Illuminant Bat
75%
Illuminant Slime
75%
Jungle Creeper
75%
Jungle Slime
75%
Lava Bat
75%
Lava Slime
75%
Lihzahrd
75%
Maggot Zombie
75%
Man Eater
75%
Martian Saucer
75%
Mimic
75%
Moss Hornet
75%
Moth
75%
Mother Slime
75%
Necromancer
75%
Nutcracker
75%
Ogre
75%
Paladin
75%
Pink Jellyfish
75%
Piranha
75%
Pixie
75%
Possessed Armor
75%
Predictor
75%
Purple Slime
75%
Rainbow Slime
75%
Raincoat Zombie
75%
Raven
75%
Red Devil
75%
Red Slime
75%
Rusty Armored Bones
75%
Sand Elemental
75%
Shark
75%
Skeleton
75%
Skeleton Sniper
75%
Slimer
75%
Spiked Ice Slime
75%
Spiked Jungle Slime
75%
Spiked Slime
75%
Spore Bat
75%
Stargazer
75%
Storm Diver
75%
Tactical Skeleton
75%
The Possessed
75%
Undead Viking
75%
Unicorn
75%
Voodoo Demon
75%
Vortexian
75%
Wandering Eye
75%
Wandering Eye Fish
75%
Wraith
75%
Wyvern
75%
Yellow Slime
75%
Yeti
75%
Alien Larva
50%
Angry Nimbus
50%
Angry Trapper
50%
Antlion Swarmer
50%
Arapaima
50%
Armored Skeleton
50%
Baby Mothron
50%
Black Recluse
50%
Blood Crawler
50%
Bone Biter
50%
Bouncy Slime
50%
Butcher
50%
Chattering Teeth Bomb
50%
Corite
50%
Corrupt Penguin
50%
Creature from the Deep
50%
Crystal Thresher
50%
Dark Caster
50%
Deadly Sphere
50%
Desert Spirit
50%
Devourer
50%
Digger
50%
Drakin
50%
Drakomire
50%
Drakomire Rider
50%
Dr. Man Fly
50%
Dune Splicer
50%
Evolution Beast
50%
Eyezor
50%
Flesh Reaver
50%
Flow Invader
50%
Flying Fish
50%
Frankenstein
50%
Fritz
50%
Frozen Zombie
50%
Giant Antlion Charger
50%
Giant Antlion Swarmer
50%
Giant Shelly
50%
Giant Tortoise
50%
Granite Elemental
50%
Granite Golem
50%
Gray Grunt
50%
Hemogoblin Shark
50%
Hoplite
50%
Hoppin' Jack
50%
Ice Golem
50%
Jungle Bat
50%
Jungle Mimic
50%
Leech
50%
Lunatic Devotee
50%
Martian Drone
50%
Martian Engineer
50%
Martian Probe
50%
Martian Walker
50%
Mechdusa
50%
Medusa
50%
Milkyway Weaver
50%
Mothron
50%
Mothron Egg
50%
Nebula Floater
50%
Nymph
50%
Orca
50%
Parrot
50%
Phantasm Dragon
50%
Pigron
50%
Pinky
50%
Pirate Captain
50%
Pirate Corsair
50%
Pirate Crossbower
50%
Pirate Deckhand
50%
Present Mimic
50%
Probe
50%
Psycho
50%
Reaper
50%
Rock Golem
50%
Salamander
50%
Sand Slime
50%
Selenian
50%
Servant of Cthulhu
50%
Sharkron
50%
Skeleton Archer
50%
Skeleton Commando
50%
Snatcher
50%
Snow Flinx
50%
Spore Skeleton
50%
Spore Zombie
50%
Squid
50%
Sroller
50%
Swamp Thing
50%
Tesla Turret
50%
The Bride
50%
The Groom
50%
The Hungry
50%
Tomb Crawler
50%
Toxic Sludge
50%
True Eye of Cthulhu
50%
Twinkle
50%
Twinkle Popper
50%
Umbrella Slime
50%
Vampire
50%
Vicious Bunny
50%
Vicious Goldfish
50%
Vicious Penguin
50%
Vulture
50%
Wall Creeper
50%
Werewolf
50%
World Feeder
50%
Zombie Merman
50%
Ancient Cultist
25%
Ancient Doom
25%
Ancient Vision
25%
Angry Dandelion
25%
Anomura Fungus
25%
Armored Viking
25%
Basilisk
25%
Blazing Wheel
25%
Blood Eel
25%
Blood Feeder
25%
Blood Jelly
25%
Blood Mummy
25%
Blood Squid
25%
Brain Scrambler
25%
Cloud Slime
25%
Cochineal Beetle
25%
Crawdad
25%
Crimson Axe
25%
Crystal Slime
25%
Cursed Hammer
25%
Cyan Beetle
25%
Dark Mummy
25%
Diabolist
25%
Drakanian
25%
Dreamer Ghoul
25%
Dungeon Guardian
25%
Dungeon Slime
25%
Dungeon Spirit
25%
Enchanted Sword
25%
Etherian Goblin
25%
Etherian Goblin Bomber
25%
Etherian Javelin Thrower
25%
Etherian Lightning Bug
25%
Etherian Wyvern
25%
Fungi Bulb
25%
Fungo Fish
25%
Ghoul
25%
Giant Fungi Bulb
25%
Gigazapper
25%
Gnome
25%
Golden Slime
25%
Heavenly Slime
25%
Ice Elemental
25%
Ice Tortoise
25%
Icy Merman
25%
Kobold
25%
Kobold Glider
25%
Lac Beetle
25%
Lamia
25%
Librarian Skeleton
25%
Light Mummy
25%
Martian Officer
25%
Meteor Head
25%
Mister Stabby
25%
Moss Zombie
25%
Mummy
25%
Mushi Ladybug
25%
Nailhead
25%
Old One's Skeleton
25%
Pirate Deadeye
25%
Pirate's Curse
25%
Plantera's Tentacle
25%
Ragged Caster
25%
Ray Gunner
25%
Rune Wizard
25%
Sand Poacher
25%
Sand Shark
25%
Scutlix
25%
Scutlix Gunner
25%
Sea Snail
25%
Shadowflame Apparition
25%
Shimmer Slime
25%
Slimeling
25%
Snow Balla
25%
Snowman Gangsta
25%
Spike Ball
25%
Tainted Ghoul
25%
Tim
25%
Tortured Soul
25%
Undead Miner
25%
Vile Ghoul
25%
Windy Balloon
25%
Wither Beast
25%
Wolf
25%
Statue
0%
Water Bolt Mimic
0%
No matching quizzes found
Score Distribution
Percent of People with Each Score
Percentile by Number Answered
Your Score History
You have not taken this quiz since the last reset